000 00440nam a2200181Ia 4500
001 8306
005 20260306160559.0
008 260306t2019||||xx |||||||||||||| ||spa||
041 _aESP
082 _a370.153
_bB163
100 _aBofarull, Ignasi de
_eAUT
245 0 _aHabilidades para la vida. Familia y escuela
260 _c2019
300 _a232 páginas :
_c24 cm.
650 _aGEN
654 _aCED
942 _cLIB
_dJUS
_fJUS
_2ddc
_n
999 _c8306
_d8306